000 00454nam a22001817a 4500
003 MPLRDC
005 20220104195814.0
008 210129b ||||| |||| 00| 0 eng d
020 _a978-0-19-800201-7
082 _a848.3 LYH
100 _a林奕华
245 _a娱乐大家 文化篇
_c
250 _a初版
260 _a香港
_bOXFORD UNIVERSITY PRESS (CHINA) LTD.
_c2008
300 _b
650 _a现代别集
942 _cBK
_o848.3 LYH
999 _c66365
_d66355